<?xml version="1.0" encoding="UTF-8"?><?xml-stylesheet type="text/xsl" href="static/style.xsl"?><OAI-PMH xmlns="http://www.openarchives.org/OAI/2.0/" xmlns:xsi="http://www.w3.org/2001/XMLSchema-instance" xsi:schemaLocation="http://www.openarchives.org/OAI/2.0/ http://www.openarchives.org/OAI/2.0/OAI-PMH.xsd"><responseDate>2026-04-17T10:19:00Z</responseDate><request verb="GetRecord" identifier="oai:www.recercat.cat:11351/13157" metadataPrefix="marc">https://recercat.cat/oai/request</request><GetRecord><record><header><identifier>oai:recercat.cat:11351/13157</identifier><datestamp>2025-06-14T04:13:49Z</datestamp><setSpec>com_2072_378070</setSpec><setSpec>com_2072_378040</setSpec><setSpec>col_2072_378092</setSpec></header><metadata><record xmlns="http://www.loc.gov/MARC21/slim" xmlns:dcterms="http://purl.org/dc/terms/" xmlns:xsi="http://www.w3.org/2001/XMLSchema-instance" xmlns:doc="http://www.lyncode.com/xoai" xsi:schemaLocation="http://www.loc.gov/MARC21/slim http://www.loc.gov/standards/marcxml/schema/MARC21slim.xsd">
   <leader>00925njm 22002777a 4500</leader>
   <datafield ind2=" " ind1=" " tag="042">
      <subfield code="a">dc</subfield>
   </datafield>
   <datafield ind2=" " ind1=" " tag="720">
      <subfield code="a">Soler-Gonzalez, Gemma</subfield>
      <subfield code="e">author</subfield>
   </datafield>
   <datafield ind2=" " ind1=" " tag="720">
      <subfield code="a">taieb, julien</subfield>
      <subfield code="e">author</subfield>
   </datafield>
   <datafield ind2=" " ind1=" " tag="720">
      <subfield code="a">Fakih, Marwan</subfield>
      <subfield code="e">author</subfield>
   </datafield>
   <datafield ind2=" " ind1=" " tag="720">
      <subfield code="a">Tabernero, Josep</subfield>
      <subfield code="e">author</subfield>
   </datafield>
   <datafield ind2=" " ind1=" " tag="720">
      <subfield code="a">Ciardiello, Fortunato</subfield>
      <subfield code="e">author</subfield>
   </datafield>
   <datafield ind2=" " ind1=" " tag="720">
      <subfield code="a">Van Cutsem, Eric</subfield>
      <subfield code="e">author</subfield>
   </datafield>
   <datafield ind2=" " ind1=" " tag="260">
      <subfield code="c">2025-05-27T12:34:27Z</subfield>
   </datafield>
   <datafield ind2=" " ind1=" " tag="260">
      <subfield code="c">2025-05-27T12:34:27Z</subfield>
   </datafield>
   <datafield ind2=" " ind1=" " tag="260">
      <subfield code="c">2024</subfield>
   </datafield>
   <datafield ind2=" " ind1=" " tag="260">
      <subfield code="c">2025-06</subfield>
   </datafield>
   <datafield ind2=" " ind1=" " tag="520">
      <subfield code="a">Chemotherapy; Patient-reported outcomes; VEGF inhibitor</subfield>
   </datafield>
   <datafield ind2=" " ind1=" " tag="520">
      <subfield code="a">Quimioteràpia; Resultats informats pels pacients; Inhibidor de VEGF</subfield>
   </datafield>
   <datafield ind2=" " ind1=" " tag="520">
      <subfield code="a">Quimioterapia; Resultados informados por los pacientes; Inhibidor de VEGF</subfield>
   </datafield>
   <datafield ind2=" " ind1=" " tag="520">
      <subfield code="a">Background: The efficacy of trifluridine/tipiracil (FTD/TPI) + bevacizumab compared to FTD/TPI for treatment of refractory metastatic colorectal cancer (mCRC) was demonstrated in the SUNLIGHT trial. This analysis of SUNLIGHT investigated the impact of treatment with FTD/TPI + bevacizumab on patient quality of life (QoL) and Eastern Cooperative Oncology Group performance status (ECOG PS).&#xd;
Methods: Questionnaires (EORTC QLQ-C30 and EQ-5D-5L) and ECOG PS assessments were conducted at baseline and on Day 1 of each treatment cycle. Time to definitive deterioration (TTDD) of QoL and time to ECOG PS worsening between treatment arms was assessed. A repeated-measures mixed-effects model was used to compare changes in QoL and ECOG PS from baseline. Kaplan-Meier and Cox regression methods were used to assess TTDD of QoL, time to ECOG PS worsening to ≥ 2, and overall survival (OS) and progression-free survival (PFS) in patients maintaining an ECOG PS of 0-1.&#xd;
Results: Both treatment arms showed similar QoL scores from baseline to cycle 6, with no clinically relevant change over time. Patients receiving FTD/TPI + bevacizumab had a longer TTDD of QoL than patients receiving FTD/TPI, as well as longer time to ECOG PS worsening. In patients with maintained ECOG PS, median OS and PFS was prolonged in the FTD/TPI + bevacizumab arm compared to the FTD/TPI arm.&#xd;
Conclusion: This analysis of SUNLIGHT showed that patients treated with FTD/TPI + bevacizumab had no clinically relevant changes in QoL, and prolonged TTDD and time to ECOG PS worsening, compared to patients treated with FTD/TPI.</subfield>
   </datafield>
   <datafield ind1="8" ind2=" " tag="024">
      <subfield code="a">http://hdl.handle.net/11351/13157</subfield>
   </datafield>
   <datafield tag="653" ind2=" " ind1=" ">
      <subfield code="a">Recte - Càncer - Tractament</subfield>
   </datafield>
   <datafield tag="653" ind2=" " ind1=" ">
      <subfield code="a">Còlon - Càncer - Tractament</subfield>
   </datafield>
   <datafield tag="653" ind2=" " ind1=" ">
      <subfield code="a">Quimioteràpia combinada</subfield>
   </datafield>
   <datafield tag="653" ind2=" " ind1=" ">
      <subfield code="a">Pacients - Satisfacció</subfield>
   </datafield>
   <datafield tag="653" ind2=" " ind1=" ">
      <subfield code="a">ANALYTICAL, DIAGNOSTIC AND THERAPEUTIC TECHNIQUES, AND EQUIPMENT::Therapeutics::Therapeutics::Drug Therapy::Antineoplastic Protocols::Therapeutics::Drug Therapy::Antineoplastic Combined Chemotherapy Protocols</subfield>
   </datafield>
   <datafield tag="653" ind2=" " ind1=" ">
      <subfield code="a">DISEASES::Neoplasms::Neoplasms by Site::Digestive System Neoplasms::Gastrointestinal Neoplasms::Intestinal Neoplasms::Colorectal Neoplasms</subfield>
   </datafield>
   <datafield tag="653" ind2=" " ind1=" ">
      <subfield code="a">Other subheadings::Other subheadings::Other subheadings::/drug therapy</subfield>
   </datafield>
   <datafield tag="653" ind2=" " ind1=" ">
      <subfield code="a">HEALTH CARE::Environment and Public Health::Public Health::Epidemiologic Measurements::Demography::Health Status::Quality of Life</subfield>
   </datafield>
   <datafield tag="653" ind2=" " ind1=" ">
      <subfield code="a">TÉCNICAS Y EQUIPOS ANALÍTICOS, DIAGNÓSTICOS Y TERAPÉUTICOS::terapéutica::terapéutica::farmacoterapia::protocolos antineoplásicos::terapéutica::farmacoterapia::protocolos de quimioterapia antineoplásica combinada</subfield>
   </datafield>
   <datafield tag="653" ind2=" " ind1=" ">
      <subfield code="a">ENFERMEDADES::neoplasias::neoplasias por localización::neoplasias del sistema digestivo::neoplasias gastrointestinales::neoplasias intestinales::neoplasias colorrectales</subfield>
   </datafield>
   <datafield tag="653" ind2=" " ind1=" ">
      <subfield code="a">Otros calificadores::Otros calificadores::Otros calificadores::/farmacoterapia</subfield>
   </datafield>
   <datafield tag="653" ind2=" " ind1=" ">
      <subfield code="a">ATENCIÓN DE SALUD::ambiente y salud pública::salud pública::medidas epidemiológicas::demografía::estado de salud::calidad de vida</subfield>
   </datafield>
   <datafield ind2="0" ind1="0" tag="245">
      <subfield code="a">Impact of Treatment With Trifluridine/Tipiracil in Combination With Bevacizumab on Health-Related Quality of Life and Performance Status in Refractory Metastatic Colorectal Cancer: An Analysis of the Phase III SUNLIGHT Trial</subfield>
   </datafield>
</record></metadata></record></GetRecord></OAI-PMH>